000 00567nam a2200229Ia 4500
003 OSt
005 20220925195520.0
006 a|||||r|||| 00| 0
007 ta
008 220923b |||||||| |||| 00| 0 eng d
037 _cGeneral Book
040 _aRTL
_cRTL
_beng
041 _2eng
_aeng
082 _aU, L3
100 _aMurphey Rhoads
_9235520
245 0 _aScope of geography
250 _a2
260 _aChicago
_bRand Mally
_c1973
300 _a253p
_ccm.
942 _hU, L3
_cGB
_2CC
999 _c533249
_d533249